Statistics for Scientific name to common name

Click here to take the quiz!

General Stats

  • This quiz has been taken 21 times
  • The average score is 4 of 10

Answer Stats

HintAnswer% Correct
Panthera leoLion
94%
Canis lupisWolf
82%
Ursus arctosPolar bear
71%
Bos taurusCattle
47%
Pan troglodytesChimpanzee
41%
Sus scrofaPig
24%
Charcharodon carchariasGreat White shark
18%
Ornithorhynchus anatinusPlatypus
18%
Rangifer tarandusReindeer
18%
Ceratotherium simumWhite rhino
18%

Score Distribution

Percentile by Number Answered

Percent of People with Each Score

Your Score History

You have not taken this quiz